مكتبة جامعة عجلون الوطنية

فهرس بحث المكتبة

Normal view MARC view
  • الحديث - الجرح والتعديل -

Entry Topical Term

Number of records used in: 1

001 - CONTROL NUMBER

  • control field: 41007

003 - CONTROL NUMBER IDENTIFIER

  • control field: JO-AjAnu

005 - DATE AND TIME OF LATEST TRANSACTION

  • control field: 20230606080818.0

008 - FIXED-LENGTH DATA ELEMENTS

  • fixed length control field: 230606|| aca||aabn | a|a d

040 ## - CATALOGING SOURCE

  • Original cataloging agency: JO-AjAnu
  • Transcribing agency: JO-AjAnu

150 ## - HEADING--TOPICAL TERM

  • Topical term or geographic name entry element: الحديث - الجرح والتعديل -

670 ## - SOURCE DATA FOUND

  • Source citation: Work cat.: (JO-AjAnu)21015: الهندي، أبي الحسنات محمد عبد الحي اللكنوي؛ تحقيق عبد الفتاح أبو غدة, author 41006, الرفع والتكميل في الجرح والتعديل